000 01086nam a2200265 i 4500
001 bg
245 0 _aNowoczesne instrumenty finansowo-rachunkowe w zarządzaniu organizacją gospodarczą :
_bmateriały na konferencję naukową /
_cPolitechnika Koszalińska Wydział Ekonomii i Zarządzania, Polskie Towarzystwo Ekonomiczne Zarząd Krajowy i Oddział w Koszalinie.
260 _aKoszalin :
_bWydaw. PK WEiZ i PTE,
_c2000.
300 _a153 s. :
_btabl.,rys. ;
_c24 cm.
504 _aBibliogr. przy ref.
650 9 _aPrzedsiębiorstwo
_xkontrola
650 9 _aPrzedsiębiorstwo
_xorganizacja
650 9 _aSamorząd terytorialny
_xzagadnienia
650 9 _aControlling
_xzagadnienia
655 _aMateriały konferencyjne
710 _aPolitechnika Koszalińska
_bWydział Ekonomii i Zarządzania
710 _aPolskie Towarzystwo Ekonomiczne
_bZarząd Krajowy i Oddział w Koszalinie
020 _a8391487105
040 _cBPK
041 _apl
080 _a658.1/.5:657.62/.63](061)
920 _a83-914871-0-5
942 _cKS
008 s pl f |000 0 pol
999 _c35375
_d35375
856 _uhttp://koha.tu.koszalin.pl/cgi-bin/koha/opac-detail.pl?biblionumber=35375
_yKatalog online BPK